000 00642nam a2200205 a 4500
001 1711
003 CO-ViMGA
008 141112s2004 ck r 000 u spa d
040 _aCO-ViMGA
_bspa
_cCO-ViMGA
082 0 4 _a371.2 P657g
100 1 _aPontificia Universidad Javeriana
245 1 0 _aPrincipios generales para administrar una escuela /
_cGelves Hernando , Santafé Pedro Nel
250 _a1
260 _aSantafé de Bogotá :
_bFundación Cultural Javeriano,
_c1984
300 _a120 p
650 1 4 _aADMINISTRACION EDUCATIVA
_95563
650 1 4 _aGelves, Hernando
_950204
650 1 4 _aSantafé, Pedro Nel
_950205
942 _2ddc
_cBK
999 _c13888
_d13888